01031nam a2200229Ia 4500003000900000008004100009020001800050040001600068080001600084111013800100245023900238260003800477300002300515650004100538650002300579650001900602700003200621700003100653942000700684999001700691952009300708IN-BaIIA211028s9999 xx 000 0 eng d a981-02-1600-9 cIIA Library a524.85bTHE aInternational Workshop on the Dark Side of the Universe, Experimental Efforts and theoretical FrameworkcRomad1993 June 23-25919407 4athe dark side of the universebproceedings of the International Workshop on the dark side of the universe, Experimental efforts and theoretical framework, held in Roma, Italy, 23-25 June, 1993cedited by Rita Bernabei and Charling Tao aSingaporebWorld Scientificc1994 a[various pagings.] aAstronomy and Astrophysics thesaurus aDark matter914945 aUniverse91987 aBernabei, Rita., ed.919408 aTao, Charling., ed.919409 cBK c11310d11310 00104070aBANbBANcGENd1995-03-20l0o524.85/ THEp12225r2021-11-05w1995-03-20yBK